[Event "ENG-ch Schools"]
[Site "Nottingham"]
[Date "2025.06.26"]
[Round "5.4"]
[White "Nandakumar, Karthikeyan"]
[Black "Midzi, Tatenda"]
[Result "0-1"]
[WhiteElo "1582"]
[BlackElo "1813"]
[PlyCount "80"]
[EventDate "2025.06.25"]
[EventType "team-swiss"]
[EventRounds "6"]
[EventCountry "ENG"]
[SourceTitle "CB27_2025"]
[SourceDate "2025.07.02"]
[SourceVersion "1"]
[SourceVersionDate "2025.07.02"]
[SourceQuality "1"]
[WhiteTeam "St Mary’s Catholic"]
[BlackTeam "York College"]
[WhiteTeamCountry "ENG"]
[BlackTeamCountry "ENG"]

1. d4 d5 2. Bf4 Nc6 3. a3 Nf6 4. e3 a6 5. Bg5 e5 6. Nc3 Be6 7. Nf3 h6 8. Bxf6 Qxf6 9. dxe5 Nxe5 10. Nxe5 Qxe5 11. Qd4 Qxd4 12. exd4 Bd6 13. Bd3 0-0 14. h3 c5 15. 0-0 cxd4 16. Ne2 Bc5 17. b4 Bb6 18. f4 a5 19. f5 Bd7 20. b5 Rfe8 21. Kh1 a4 22. Nf4 Re5 23. Nh5 Ra5 24. g4 Bxb5 25. Bxb5 Rxb5 26. f6 g6 27. Ng7 Re3 28. Kg2 Re2+ 29. Rf2 Rxf2+ 30. Kxf2 d3+ 31. Ke1 dxc2 32. Kd2 Rb1 33. Rxb1 cxb1Q 34. Ne8 Qb2+ 35. Kd3 Qb5+ 36. Kc2 Qxe8 37. Kc1 Qe3+ 38. Kb1 Qe2 39. Ka1 Bd4+ 40. Kb1 Qb2# 0-1